书目信息 |
| 题名: |
生物活性肽功能与制备
|
|
| 作者: | 罗永康 主编 | |
| 分册: | ||
| 出版信息: | 北京 中国轻工业出版社 2019.12 |
|
| 页数: | 11,191页 | |
| 开本: | 24cm | |
| 丛书名: | ||
| 单 册: | ||
| 中图分类: | Q516 | |
| 科图分类: | ||
| 主题词: | 生物活性--肽--研究 | |
| 电子资源: | ||
| ISBN: | 978-7-5184-2391-0 | |
| 000 | 01213nam0 2200253 45 | |
| 001 | 012001000339 | |
| 005 | 20130911133247.0 | |
| 010 | @a978-7-5184-2391-0@dCNY68.00 | |
| 100 | @a20190426d2019 em y0chiy50 ea | |
| 101 | 0 | @achi |
| 102 | @aCN@b110000 | |
| 105 | @aa z 000yy | |
| 106 | @ar | |
| 200 | 1 | @a生物活性肽功能与制备@Asheng wu huo xing tai gong neng yu zhi bei@b专著@dBioactive peptides function and preparation@f罗永康主编@zeng |
| 210 | @a北京@c中国轻工业出版社@d2019.12 | |
| 215 | @a11,191页@c图@d24cm | |
| 300 | @a并列题名:Bioactive peptides function and preparation | |
| 330 | @a本书从生物活性肽最为常见的八大生理功能入手,通过对当今国内外研究的总结,结合自己多年的研究成果,使读者对生物活性肽的来源、制备、分离纯化、功能活性及活性评价方法有较为全面正确的认识。在此基础上,本书也总结了不同生理功能的活性肽的发展现状及发展趋势,以期为读者提供借鉴参考。另外,由于酶法食源蛋白肽是当今生物活性肽研究的主流,因此本书中对酶法食源蛋白肽的介绍较为详细。 | |
| 510 | 1 | @aBioactive peptides function and preparation@zeng |
| 606 | 0 | @a生物活性@x肽@x研究 |
| 690 | @aQ516@v5 | |
| 701 | 0 | @a罗永康@Aluo yong kang@c(食品安全)@4主编 |
| 801 | 0 | @aCN@bBJSDL@c20211011 |
| 905 | @b1335052-5@dQ516@e323@f4 | |
| 生物活性肽功能与制备=Bioactive peptides function and preparation/罗永康主编.-北京:中国轻工业出版社,2019.12 |
| 11,191页:图;24cm |
| 并列题名:Bioactive peptides function and preparation |
| ISBN 978-7-5184-2391-0:CNY68.00 |
| 本书从生物活性肽最为常见的八大生理功能入手,通过对当今国内外研究的总结,结合自己多年的研究成果,使读者对生物活性肽的来源、制备、分离纯化、功能活性及活性评价方法有较为全面正确的认识。在此基础上,本书也总结了不同生理功能的活性肽的发展现状及发展趋势,以期为读者提供借鉴参考。另外,由于酶法食源蛋白肽是当今生物活性肽研究的主流,因此本书中对酶法食源蛋白肽的介绍较为详细。 |
| ● |
| 相关链接 |
|
|
|
|
正题名:生物活性肽功能与制备
索取号:Q516/323
 
预约/预借
| 序号 | 登录号 | 条形码 | 馆藏地/架位号 | 状态 | 备注 |
| 1 | 1335052 | 213350522 | 第二样本阅览室/ [索取号:Q516/323] | 在馆 | |
| 2 | 1335053 | 213350531 | 第三借阅区/ [索取号:Q516/323] | 在馆 | |
| 3 | 1335054 | 213350540 | 第三借阅区/ [索取号:Q516/323] | 在馆 | |
| 4 | 1335055 | 213350559 | 第三借阅区/ [索取号:Q516/323] | 在馆 |